000 01275nam0a22003011 4500
001 rc\3924716
005 20170309161357.0
021 _aRU
_b[54-6607]
035 _a(NLR Aleph) 007914071
090 _a8115845
_c8115845
100 _a20130415d1953 |||y0rusy50 ca
101 0 _arus
102 _aRU
105 _ay c |||||
200 1 _aМ.Г. Егоров. Лауреат Сталинской премии [агротехник-овощевод]
_eУказатель литературы
_fЯкут. гос. науч. б-ка им. А.С. Пушкина
210 _aЯкутск
_cЯкутгосиздат
_d1953
215 _a30 с.
_d14
225 1 _aЗнатные люди Якутии
300 _aСост. указан на обороте тит. л.
700 1 _aАлексеев
_bН. М.
_cбиблиограф
_f1906-1975
_gНиколай Михайлович
_3RU\NLR\AUTH\770170323
_4220
702 1 _aЕгоров
_bМ. Г.
_gМихаил Григорьевич
_4570
712 0 2 _aЯкутская республиканская научная библиотека им. А. С. Пушкина
_3RU\NLR\AUTH\889085
801 0 _aRU
_bNLR
_gpsbo
801 1 _aRU
_bELAR
_2rusmarc
852 _aNLR
_j641/Е-30
942 _cBOOK
980 _aNB